[Event "Rilton Cup 46th"]
[Site "Stockholm"]
[Date "2017.01.02"]
[Round "6"]
[White "Swapnil, S Dhopade"]
[Black "Kamsky, Gata"]
[Result "1/2-1/2"]
[WhiteElo "2526"]
[BlackElo "2661"]
[PlyCount "125"]
[EventDate "2016.12.27"]
[EventType "swiss"]
[EventRounds "9"]
[EventCountry "SWE"]
[SourceTitle "CBM 176 Extra"]
[Source "ChessBase"]
[SourceDate "2017.03.02"]
[SourceVersion "1"]
[SourceVersionDate "2017.03.02"]
[SourceQuality "1"]

1. d4 Nf6 2. c4 g6 3. Nc3 d5 4. Nf3 Bg7 5. Qb3 dxc4 6. Qxc4 O-O 7. e4 a6 8. Be2
b5 9. Qb3 c5 10. dxc5 Bb7 11. e5 Nfd7 12. Be3 e6 13. a4 Qa5 14. O-O b4 15. Na2
Nxc5 16. Qxb4 Qxb4 17. Nxb4 Nbd7 18. Nc2 Rfc8 19. Na3 Bd5 20. Rac1 Nxa4 21. Bd4
Nac5 22. Rfe1 Nb3 23. Rxc8+ Rxc8 24. Bc3 Bxf3 25. Bxf3 Bxe5 26. Bxe5 Nxe5 27.
Bb7 Rb8 28. Bxa6 Nc6 29. Rd1 Nbd4 30. Rd2 g5 31. f3 Kg7 32. Bf1 h5 33. Nc4 f5
34. Kf2 Kf6 35. Rd1 Rb4 36. Ke3 e5 37. g3 Ne7 38. Kf2 Nec6 39. Ke3 g4 40. f4 e4
41. Rc1 Nf3 42. h4 Ncd4 43. Rc3 Nb5 44. Rc1 Rb3+ 45. Kf2 Nfd4 46. Bg2 Ne6 47.
Bf1 Rf3+ 48. Kg2 Ned4 49. Nd2 e3 50. Nxf3 gxf3+ 51. Kg1 e2 52. Kf2 exf1=Q+ 53.
Rxf1 Ke6 54. Ke3 Kd5 55. Rd1 Kc4 56. Rd2 Kb3 57. Rf2 Ka2 58. Kd3 Kb3 59. Ke3
Kb4 60. Rf1 Kc4 61. Rd1 Kb4 62. Rd2 Kc4 63. Rd1 1/2-1/2

[Event "Rilton Cup 46th"]
[Site "Stockholm"]
[Date "2017.01.03"]
[Round "7"]
[White "Kamsky, Gata"]
[Black "Volkov, Sergey"]
[Result "1/2-1/2"]
[WhiteElo "2661"]
[BlackElo "2624"]
[PlyCount "127"]
[EventDate "2016.12.27"]
[EventType "swiss"]
[EventRounds "9"]
[EventCountry "SWE"]
[SourceTitle "CBM 176 Extra"]
[Source "ChessBase"]
[SourceDate "2017.03.02"]
[SourceVersion "1"]
[SourceVersionDate "2017.03.02"]
[SourceQuality "1"]

1. Nf3 d5 2. g3 c6 3. Bg2 Nf6 4. O-O Bg4 5. c4 e6 6. Qb3 Qb6 7. d4 Nbd7 8. Nc3
Be7 9. c5 Qa6 10. Re1 b6 11. cxb6 Qxb6 12. Qa4 Bxf3 13. Bxf3 O-O 14. e4 dxe4
15. Nxe4 Nxe4 16. Bxe4 Rac8 17. Re3 Bf6 18. Rb3 Qxd4 19. Rb4 Qd6 20. Bf4 Qe7
21. Rb7 Nc5 22. Rxe7 Nxa4 23. Rxa7 Nxb2 24. Rc1 Bd4 25. Ra3 e5 26. Be3 c5 27.
Rc2 Rb8 28. Bd5 Nd1 29. Kf1 Rfd8 30. Bc4 Rb2 31. Rxb2 Nxb2 32. Bb5 c4 33. Ke2
h6 34. Bc6 Kh7 35. Ra8 Rd6 36. Rc8 f5 37. Bb5 c3 38. Bc1 g5 39. h3 e4 40. f3
exf3+ 41. Kxf3 Kg6 42. h4 Re6 43. Re8 g4+ 44. Kg2 Rxe8 45. Bxe8+ Kg7 46. Bb5
Nd1 47. Ba4 Ne3+ 48. Kf2 f4 49. Bxe3 fxe3+ 50. Ke2 h5 51. Bb3 Be5 52. Kxe3 Bxg3
53. Kd3 Be1 54. a4 Kf6 55. a5 Bxh4 56. Kxc3 Be1+ 57. Kd3 Bxa5 58. Ke2 h4 59.
Kf1 h3 60. Bd1 g3 61. Bf3 Ke5 62. Bb7 Kf4 63. Bc6 Ke3 64. Bb7 1/2-1/2

[Event "Rilton Cup 46th"]
[Site "Stockholm"]
[Date "2017.01.04"]
[Round "8"]
[White "Kulaots, Kaido"]
[Black "Kamsky, Gata"]
[Result "1/2-1/2"]
[WhiteElo "2556"]
[BlackElo "2661"]
[PlyCount "154"]
[EventDate "2016.12.27"]
[EventType "swiss"]
[EventRounds "9"]
[EventCountry "SWE"]
[SourceTitle "CBM 176 Extra"]
[Source "ChessBase"]
[SourceDate "2017.03.02"]
[SourceVersion "1"]
[SourceVersionDate "2017.03.02"]
[SourceQuality "1"]

1. e4 c5 2. Nf3 e6 3. d4 cxd4 4. Nxd4 a6 5. Nc3 b5 6. Bd3 Bb7 7. O-O Nc6 8.
Nxc6 Bxc6 9. Re1 Qb8 10. a4 b4 11. Nd5 Bd6 12. Qh5 Ne7 13. Nxe7 Bxe7 14. b3 O-O
15. Bb2 f6 16. Re3 Rf7 17. Rf1 g6 18. Qe2 Bd6 19. e5 Bxe5 20. Bxe5 fxe5 21.
Rxe5 Qb6 22. Rg5 a5 23. h4 Rf6 24. h5 Kf7 25. Qg4 Rg8 26. Qg3 Ke7 27. Qh4 Kf7
28. Re1 Bd5 29. Re3 Rg7 30. Rg4 Qc7 31. Qg5 Qd6 32. Reg3 Ke7 33. Qh6 Rgf7 34.
hxg6 hxg6 35. Rxg6 Qe5 36. Rxf6 Qxf6 37. Qxf6+ Kxf6 38. f3 Rf8 39. Rh3 Ke5 40.
Rh4 Rf4 41. Rxf4 Kxf4 42. Kf2 e5 43. g3+ Kg5 44. Ke3 d6 45. Be2 Bb7 46. f4+
exf4+ 47. gxf4+ Kf5 48. Bd3+ Kg4 49. f5 Kg5 50. Kd4 Kf6 51. c3 bxc3 52. Kxc3
Ke5 53. b4 axb4+ 54. Kxb4 d5 55. Kc5 d4 56. a5 Bc8 57. Bb1 Ba6 58. Kb6 Be2 59.
a6 d3 60. a7 d2 61. Bc2 Bf3 62. Kc5 Be4 63. Bxe4 d1=Q 64. a8=Q Qd4+ 65. Kb5
Qb2+ 66. Kc4 Qc1+ 67. Kb3 Qe3+ 68. Kc2 Qe2+ 69. Kc3 Qe1+ 70. Kd3 Qd1+ 71. Ke3
Qe1+ 72. Kf3 Qd1+ 73. Kf2 Kf4 74. Qc6 Qd2+ 75. Kf1 Qd1+ 76. Kf2 Qd2+ 77. Kf1
Qd1+ 1/2-1/2

[Event "Rilton Cup 46th"]
[Site "Stockholm"]
[Date "2017.01.05"]
[Round "9"]
[White "Kamsky, Gata"]
[Black "Shyam, Sundar M"]
[Result "1/2-1/2"]
[WhiteElo "2661"]
[BlackElo "2532"]
[PlyCount "60"]
[EventDate "2016.12.27"]
[EventType "swiss"]
[EventRounds "9"]
[EventCountry "SWE"]
[SourceTitle "CBM 176 Extra"]
[Source "ChessBase"]
[SourceDate "2017.03.02"]
[SourceVersion "1"]
[SourceVersionDate "2017.03.02"]
[SourceQuality "1"]

1. d4 Nf6 2. Nf3 d5 3. c4 e6 4. g3 Bb4+ 5. Bd2 Bd6 6. Bg2 O-O 7. O-O c6 8. Bg5
h6 9. Bxf6 Qxf6 10. Nbd2 e5 11. cxd5 cxd5 12. dxe5 Bxe5 13. e4 Bxb2 14. Rb1 Na6
15. Qc2 Bc3 16. exd5 Nb4 17. Qa4 b5 18. Qb3 Bf5 19. Rbc1 Rac8 20. Nb1 Bxb1 21.
Rxb1 Rfd8 22. a3 Nxd5 23. Qxb5 Bd4 24. Nxd4 Nc3 25. Qb7 Nxb1 26. Nc6 Rxc6 27.
Bxc6 Nxa3 28. Qxa7 Qxc6 29. Qxa3 Qd6 30. Qxd6 Rxd6 1/2-1/2

[Event "Moscow op-A 13th"]
[Site "Moscow"]
[Date "2017.01.28"]
[Round "1"]
[White "Kamsky, Gata"]
[Black "Gevorgyan, David"]
[Result "1/2-1/2"]
[WhiteElo "2666"]
[BlackElo "2324"]
[PlyCount "138"]
[EventDate "2017.01.28"]
[EventType "swiss"]
[EventRounds "9"]
[EventCountry "RUS"]
[SourceTitle "CBM 176 Extra"]
[Source "ChessBase"]
[SourceDate "2017.03.02"]
[SourceVersion "1"]
[SourceVersionDate "2017.03.02"]
[SourceQuality "1"]

1. e4 e5 2. Nf3 Nc6 3. Bb5 Nf6 4. O-O Nxe4 5. d4 Nd6 6. Bxc6 dxc6 7. dxe5 Nf5
8. Qxd8+ Kxd8 9. Rd1+ Ke8 10. h3 Ne7 11. c4 Be6 12. b3 Rd8 13. Rxd8+ Kxd8 14.
Nc3 Ng6 15. Ne4 h6 16. Bb2 Kc8 17. Nd4 Bd7 18. Ne2 a5 19. Rd1 b6 20. g4 h5 21.
f3 a4 22. Kg2 axb3 23. axb3 c5 24. N4g3 hxg4 25. hxg4 Bc6 26. Nf5 Nh4+ 27. Nxh4
Rxh4 28. Kg3 Rh8 29. Nf4 Be7 30. e6 Bh4+ 31. Kg2 fxe6 32. Bxg7 Rg8 33. Rh1 Bf6
34. Bxf6 Rxg4+ 35. Kf2 Rxf4 36. Be5 Rxf3+ 37. Ke2 Rxb3 38. Rh8+ Kb7 39. Rh7 Be4
40. Rxc7+ Ka6 41. Rd7 Rb4 42. Bc7 Rxc4 43. Rd6 Rb4 44. Rxe6 Bd5 45. Rd6 Kb7 46.
Bd8 Bc6 47. Re6 Rd4 48. Bg5 Bb5+ 49. Ke1 Bd7 50. Re5 Kc6 51. Be3 Rd6 52. Rh5
Bg4 53. Rh6 Rxh6 54. Bxh6 Kd5 55. Kd2 Kc4 56. Kc2 b5 57. Be3 b4 58. Kb2 Bd7 59.
Bf2 Ba4 60. Be3 Kd5 61. Bf2 c4 62. Be1 Kc5 63. Bd2 Kb5 64. Be1 Bd1 65. Bd2 Ka4
66. Be1 Bb3 67. Bd2 Kb5 68. Be1 Ka4 69. Bd2 Bd1 1/2-1/2

[Event "Moscow op-A 13th"]
[Site "Moscow"]
[Date "2017.01.29"]
[Round "2"]
[White "Krasikov, Vladislav"]
[Black "Kamsky, Gata"]
[Result "0-1"]
[WhiteElo "2311"]
[BlackElo "2666"]
[PlyCount "72"]
[EventDate "2017.01.28"]
[EventType "swiss"]
[EventRounds "9"]
[EventCountry "RUS"]
[SourceTitle "EXT 2018"]
[Source "ChessBase"]
[SourceDate "2017.10.13"]
[SourceVersion "1"]
[SourceVersionDate "2017.10.13"]
[SourceQuality "1"]

1. d4 Nf6 2. c4 e6 3. Nc3 Bb4 4. Qc2 c5 5. dxc5 Qc7 6. Nf3 a6 7. Bg5 Bxc5 8. e3
Be7 9. Be2 d6 10. O-O Nbd7 11. Rfc1 b6 12. a4 Bb7 13. a5 bxa5 14. Qa4 h6 15.
Bh4 O-O 16. Qxa5 Qxa5 17. Rxa5 g5 18. Bg3 Nh5 19. Nd2 Nxg3 20. hxg3 Rfc8 21.
Rca1 Rab8 22. R1a2 Ne5 23. R5a4 Kf8 24. f4 Nd7 25. Kf1 f5 26. Bf3 Nc5 27. R4a3
Bxf3 28. gxf3 gxf4 29. exf4 Nd3 30. Nd5 exd5 31. Rxd3 dxc4 32. Rd4 Rb4 33. Rxa6
d5 34. Rxd5 Rxb2 35. Rxf5+ Ke8 36. Nxc4 Rxc4 0-1

[Event "Moscow op-A 13th"]
[Site "Moscow"]
[Date "2017.01.30"]
[Round "3"]
[White "Kamsky, Gata"]
[Black "Glek, Igor Vladimirovich"]
[Result "1-0"]
[WhiteElo "2666"]
[BlackElo "2374"]
[PlyCount "81"]
[EventDate "2017.01.28"]
[EventType "swiss"]
[EventRounds "9"]
[EventCountry "RUS"]
[SourceTitle "CBM 176 Extra"]
[Source "ChessBase"]
[SourceDate "2017.03.02"]
[SourceVersion "1"]
[SourceVersionDate "2017.03.02"]
[SourceQuality "1"]

1. Nf3 Nf6 2. d4 g6 3. Bf4 d6 4. h3 c5 5. e3 Qb6 6. Nbd2 cxd4 7. exd4 Nd5 8.
Bh2 Bh6 9. Bc4 Be6 10. Bb3 Nc6 11. c3 O-O 12. O-O Na5 13. Re1 Nxb3 14. axb3 Nf6
15. c4 d5 16. c5 Qd8 17. b4 a6 18. Qe2 Qc8 19. Nb1 Re8 20. Nc3 Bd7 21. Ne5 Bc6
22. b5 axb5 23. Nxb5 Rxa1 24. Rxa1 Ne4 25. Na7 Qe6 26. f3 Nxc5 27. dxc5 f6 28.
Nb5 fxe5 29. Nc7 Qc8 30. Nxe8 Bxe8 31. b4 d4 32. Qxe5 Qd7 33. Bf4 Bg7 34. Qe4
d3 35. Be5 d2 36. Rd1 Bh6 37. f4 Qe6 38. Rxd2 Bc6 39. Qd3 g5 40. b5 Be8 41. Qd8
1-0

[Event "Moscow op-A 13th"]
[Site "Moscow"]
[Date "2017.01.31"]
[Round "4"]
[White "Zakhartsov, Vladimir"]
[Black "Kamsky, Gata"]
[Result "1/2-1/2"]
[WhiteElo "2453"]
[BlackElo "2666"]
[PlyCount "80"]
[EventDate "2017.01.28"]
[EventType "swiss"]
[EventRounds "9"]
[EventCountry "RUS"]
[SourceTitle "CBM 176 Extra"]
[Source "ChessBase"]
[SourceDate "2017.03.02"]
[SourceVersion "1"]
[SourceVersionDate "2017.03.02"]
[SourceQuality "1"]

1. e4 e5 2. Nf3 Nc6 3. Nc3 Nf6 4. Bb5 Bb4 5. O-O O-O 6. d3 Bxc3 7. bxc3 d6 8.
Bxc6 bxc6 9. h3 Nd7 10. d4 Ba6 11. Re1 Re8 12. dxe5 Nxe5 13. Nxe5 Rxe5 14. Bf4
Re6 15. e5 Rg6 16. Qf3 Qd7 17. Bg3 Bc4 18. Qf4 Be6 19. exd6 cxd6 20. Rad1 d5
21. c4 h6 22. cxd5 cxd5 23. c4 Qc6 24. cxd5 Bxd5 25. Rc1 Qa6 26. a4 Rc8 27.
Rxc8+ Qxc8 28. Rc1 Bc6 29. Kh2 Qd7 30. Rc5 a6 31. a5 Qb7 32. f3 Qe7 33. Qf5 Qe6
34. Qxe6 Rxe6 35. Re5 Rxe5 36. Bxe5 f6 37. Bc3 h5 38. Kg3 Kf7 39. h4 g5 40.
hxg5 fxg5 1/2-1/2

[Event "Moscow op-A 13th"]
[Site "Moscow"]
[Date "2017.02.01"]
[Round "5"]
[White "Malyshev, Grigory"]
[Black "Kamsky, Gata"]
[Result "1/2-1/2"]
[WhiteElo "2326"]
[BlackElo "2666"]
[PlyCount "82"]
[EventDate "2017.01.28"]
[EventType "swiss"]
[EventRounds "9"]
[EventCountry "RUS"]
[SourceTitle "CBM 176 Extra"]
[Source "ChessBase"]
[SourceDate "2017.03.02"]
[SourceVersion "1"]
[SourceVersionDate "2017.03.02"]
[SourceQuality "1"]

1. d4 b6 2. c4 Bb7 3. Nc3 e6 4. a3 g6 5. Nf3 Bg7 6. g3 Bxf3 7. exf3 d5 8. cxd5
exd5 9. h4 Ne7 10. Bh3 O-O 11. O-O Nbc6 12. Ne2 Na5 13. Bf4 c5 14. b4 Nc4 15.
Ra2 cxb4 16. axb4 Nc6 17. b5 Nb4 18. Ra1 Re8 19. Rb1 a5 20. bxa6 Na2 21. Rb3
Rxa6 22. Nc1 Nxc1 23. Bxc1 Ra1 24. Qd3 Qf6 25. Bg5 Rxf1+ 26. Bxf1 Qe6 27. Be3
Ra8 28. Qb1 Ra6 29. Kg2 h5 30. Bxc4 dxc4 31. Rb5 c3 32. Qd3 Ra5 33. Rxa5 bxa5
34. Qxc3 Qa6 35. Qa3 a4 36. d5 Bf8 37. Bc5 Bxc5 38. Qxc5 a3 39. d6 a2 40. d7
a1=Q 41. Qc8+ Kg7 1/2-1/2

[Event "Moscow op-A 13th"]
[Site "Moscow"]
[Date "2017.02.02"]
[Round "6"]
[White "Kamsky, Gata"]
[Black "Naumkin, Igor"]
[Result "1-0"]
[WhiteElo "2666"]
[BlackElo "2437"]
[PlyCount "105"]
[EventDate "2017.01.28"]
[EventType "swiss"]
[EventRounds "9"]
[EventCountry "RUS"]
[SourceTitle "CBM 176 Extra"]
[Source "ChessBase"]
[SourceDate "2017.03.02"]
[SourceVersion "1"]
[SourceVersionDate "2017.03.02"]
[SourceQuality "1"]

1. d4 Nf6 2. Nf3 e6 3. Bf4 b6 4. e3 Bb7 5. Nbd2 Be7 6. h3 Bd6 7. Ne5 O-O 8. Bd3
Nc6 9. O-O Nb4 10. Bb5 a6 11. Be2 b5 12. c3 Nbd5 13. Bh2 Nb6 14. Bd3 c5 15. Qe2
Rc8 16. Rad1 Be7 17. Ng4 Nxg4 18. hxg4 Na4 19. Nf3 Bxf3 20. gxf3 d5 21. dxc5
Nxc5 22. Bb1 Bd6 23. f4 Qe7 24. Kg2 g6 25. Rh1 Qb7 26. e4 Be7 27. exd5 exd5 28.
Qf3 Ne4 29. f5 Rc4 30. Be5 Ng5 31. Qxd5 Rxg4+ 32. Kf1 Qxd5 33. Rxd5 Nf3 34. Bg3
Rd8 35. Rxd8+ Bxd8 36. Ke2 Ng5 37. Rd1 Be7 38. Rd7 Kf8 39. Be5 f6 40. Bd6 Bxd6
41. Rxd6 Ne4 42. Rxa6 gxf5 43. Rb6 h5 44. Rxb5 Kg7 45. Bxe4 Rxe4+ 46. Kf3 Kg6
47. Rb4 Kg5 48. Rxe4 fxe4+ 49. Kxe4 Kg4 50. Ke3 h4 51. Ke2 h3 52. Kf1 Kf3 53.
Kg1 1-0

[Event "Moscow op-A 13th"]
[Site "Moscow"]
[Date "2017.02.03"]
[Round "7"]
[White "Tran, Tuan Minh"]
[Black "Kamsky, Gata"]
[Result "0-1"]
[WhiteElo "2478"]
[BlackElo "2666"]
[PlyCount "194"]
[EventDate "2017.01.28"]
[EventType "swiss"]
[EventRounds "9"]
[EventCountry "RUS"]
[SourceTitle "CBM 176 Extra"]
[Source "ChessBase"]
[SourceDate "2017.03.02"]
[SourceVersion "1"]
[SourceVersionDate "2017.03.02"]
[SourceQuality "1"]

1. d4 f5 2. c4 Nf6 3. Nc3 d6 4. Nf3 g6 5. g3 Bg7 6. Bg2 O-O 7. O-O c6 8. Rb1 a5
9. Qb3 Kh8 10. Na4 Ne4 11. Nb6 Ra6 12. Nxc8 Qxc8 13. Qc2 Nd7 14. Ng5 Nxg5 15.
Bxg5 e5 16. dxe5 dxe5 17. e4 f4 18. Rbd1 Qe8 19. Qd2 Nc5 20. Qd6 b6 21. f3 Ra8
22. Bh4 Ne6 23. Be7 Rf7 24. Qxe6 Rxe7 25. Qd6 Rf7 26. gxf4 exf4 27. Bh3 Be5 28.
Qd2 Qe7 29. Kh1 a4 30. b3 axb3 31. axb3 Kg7 32. Qf2 Qc5 33. Qxc5 bxc5 34. Bd7
Ra6 35. Be6 Re7 36. Rd7 Kf6 37. Rxe7 Kxe7 38. Bc8 Ra2 39. Rd1 Bd4 40. h4 Rb2
41. e5 Rxb3 42. e6 Rxf3 43. Rb1 Re3 44. Rb7+ Kd8 45. Bd7 f3 46. Bxc6 f2 47.
Rd7+ Kc8 48. Rf7 Kb8 49. Rb7+ Kc8 50. Rf7 Re1+ 51. Kg2 h5 52. e7 f1=Q+ 53. Rxf1
Rxe7 54. Kf3 Re3+ 55. Kf4 Re6 56. Bg2 Kd8 57. Rb1 Be3+ 58. Kg3 Ra6 59. Rb7 Ra3
60. Bf3 Ra2 61. Rg7 Bd4 62. Rg8+ Ke7 63. Kf4 Kf6 64. Be4 Be5+ 65. Kf3 Ra3+ 66.
Ke2 Rg3 67. Rf8+ Kg7 68. Rc8 Bd4 69. Bb1 Re3+ 70. Kd2 Re6 71. Bd3 Bf2 72. Bc2
Bxh4 73. Rxc5 Bg3 74. Bd3 h4 75. Bf1 Bf4+ 76. Kd1 Re3 77. Rd5 h3 78. Rd7+ Kf6
79. Rh7 h2 80. Bg2 Rc3 81. Bd5 g5 82. Ke2 g4 83. Kf1 Rc1+ 84. Ke2 Kg5 85. Kd3
g3 86. Bf3 Re1 87. Bb7 Re3+ 88. Kd4 Re2 89. Rg7+ Kf6 90. Rg4 Be5+ 91. Kd3 g2
92. Rxg2 h1=Q 93. Kxe2 Qc1 94. Bd5 Bf4 95. Kf3 Qe3+ 96. Kg4 Be5 97. Kh4 Kf5 0-1

[Event "Moscow op-A 13th"]
[Site "Moscow"]
[Date "2017.02.04"]
[Round "8"]
[White "Kamsky, Gata"]
[Black "Lomasov, Semen"]
[Result "1-0"]
[WhiteElo "2666"]
[BlackElo "2441"]
[PlyCount "123"]
[EventDate "2017.01.28"]
[EventType "swiss"]
[EventRounds "9"]
[EventCountry "RUS"]
[SourceTitle "CBM 176 Extra"]
[Source "ChessBase"]
[SourceDate "2017.03.02"]
[SourceVersion "1"]
[SourceVersionDate "2017.03.02"]
[SourceQuality "1"]

1. d4 Nf6 2. Bf4 e6 3. e3 c5 4. Nd2 d5 5. c3 Nc6 6. Ngf3 Bd6 7. Bg3 O-O 8. Bd3
b6 9. Qe2 Bb7 10. Rd1 h6 11. Ne5 Ne7 12. Bh4 Ne4 13. Bxe4 dxe4 14. Ndc4 cxd4
15. Rxd4 Bd5 16. Nxd6 Qxd6 17. Bxe7 Qxe7 18. c4 Bb7 19. O-O Rfd8 20. Rfd1 Rxd4
21. Rxd4 Rd8 22. h3 Rxd4 23. exd4 Qd6 24. Qh5 Qe7 25. a3 f6 26. Ng4 Qd7 27. Ne3
f5 28. g3 Kh7 29. Qd1 g5 30. d5 exd5 31. cxd5 f4 32. Ng4 Qd6 33. gxf4 gxf4 34.
Qd4 h5 35. Qxe4+ Kg7 36. Ne5 Qxd5 37. Qg6+ Kf8 38. Qf5+ Ke8 39. Qxh5+ Kd8 40.
Nf7+ Ke7 41. Qxd5 Bxd5 42. Ng5 Kf6 43. h4 Kg6 44. Nh3 Kf5 45. h5 Bf7 46. h6 Kg6
47. Nxf4+ Kxh6 48. Kg2 Kg5 49. Kf3 Kf5 50. Nd3 a5 51. Ke3 Ke6 52. Kd4 Kd6 53.
Ne5 Be6 54. f4 b5 55. Nd3 Bf5 56. Nc5 Kc6 57. Ke5 Bg4 58. b4 axb4 59. axb4 Kc7
60. f5 Kd8 61. Ne6+ Ke7 62. Nd4 1-0

[Event "Moscow op-A 13th"]
[Site "Moscow"]
[Date "2017.02.05"]
[Round "9"]
[White "Kamsky, Gata"]
[Black "Gordievsky, Dmitry"]
[Result "1/2-1/2"]
[WhiteElo "2666"]
[BlackElo "2562"]
[PlyCount "65"]
[EventDate "2017.01.28"]
[EventType "swiss"]
[EventRounds "9"]
[EventCountry "RUS"]
[SourceTitle "CBM 176 Extra"]
[Source "ChessBase"]
[SourceDate "2017.03.02"]
[SourceVersion "1"]
[SourceVersionDate "2017.03.02"]
[SourceQuality "1"]

1. d4 Nf6 2. Bf4 g6 3. Nf3 Bg7 4. c3 d6 5. h3 O-O 6. e3 c5 7. dxc5 dxc5 8. Qxd8
Rxd8 9. Nbd2 Nc6 10. Bc7 Rd7 11. Bh2 Rd8 12. a4 Bf5 13. g4 Be4 14. Nxe4 Nxe4
15. Bg2 Rac8 16. a5 Nxc3 17. bxc3 Bxc3+ 18. Ke2 Bxa1 19. Rxa1 b5 20. axb6 axb6
21. Rb1 c4 22. Ne5 Na5 23. Be4 c3 24. Nf3 b5 25. Nd4 Rxd4 26. exd4 c2 27. Bxc2
Rxc2+ 28. Kf1 Nc4 29. Rxb5 Ne3+ 30. Ke1 Ng2+ 31. Kf1 Ne3+ 32. Ke1 Ng2+ 33. Kf1
1/2-1/2

[Event "Moscow Aeroflot op-A 16th"]
[Site "Moscow"]
[Date "2017.02.21"]
[Round "1"]
[White "Indjic, Aleksandar"]
[Black "Kamsky, Gata"]
[Result "1/2-1/2"]
[WhiteElo "2560"]
[BlackElo "2669"]
[PlyCount "128"]
[EventDate "2017.02.21"]
[EventType "swiss"]
[EventRounds "9"]
[EventCountry "RUS"]
[SourceTitle "CBM 177"]
[Source "ChessBase"]
[SourceDate "2017.03.16"]
[SourceVersion "1"]
[SourceVersionDate "2017.03.16"]
[SourceQuality "1"]

1. d4 d5 2. c4 c6 3. Nf3 Nf6 4. Nc3 a6 5. e3 g6 6. b4 Bg4 7. Qb3 Bg7 8. h3 Bxf3
9. gxf3 O-O 10. f4 dxc4 11. Bxc4 Nbd7 12. a3 e6 13. Bb2 Nb6 14. Bd3 Nbd5 15.
Ne2 a5 16. O-O Qb6 17. e4 Ne7 18. Rac1 Rfd8 19. Rc5 axb4 20. axb4 Nd7 21. Rc4
c5 22. e5 cxb4 23. Rxb4 Qc6 24. Bb5 Qc8 25. Rc1 Nc6 26. Bd3 Ra7 27. Rb5 Ndb8
28. Be4 Qd7 29. d5 exd5 30. Rxd5 Qe8 31. Rxd8 Qxd8 32. Rd1 Qe7 33. Nc3 Nd7 34.
Nd5 Qd8 35. e6 fxe6 36. Nf6+ Bxf6 37. Qxe6+ Kf8 38. Rxd7 Qxd7 39. Qxd7 Bxb2 40.
Bxc6 Ra1+ 41. Kg2 bxc6 42. Qc8+ Kg7 43. Qb7+ Kh6 44. Qxb2 Ra5 45. Qc3 Rf5 46.
Qxc6 Rxf4 47. Qc1 g5 48. Kg3 Rh4 49. Qc2 Rf4 50. Qc6+ Kg7 51. Qc7+ Kg6 52. Qxf4
gxf4+ 53. Kxf4 Kf6 54. h4 Ke6 55. Kg5 Kf7 56. Kf5 Ke7 57. Ke5 Kf7 58. f4 Ke7
59. f5 Kf7 60. f6 Kf8 61. Ke6 Ke8 62. f7+ Kf8 63. Kf6 h6 64. Kg6 h5 1/2-1/2

[Event "Moscow Aeroflot op-A 16th"]
[Site "Moscow"]
[Date "2017.02.22"]
[Round "2"]
[White "Kamsky, Gata"]
[Black "Idani, Pouya"]
[Result "1-0"]
[WhiteElo "2669"]
[BlackElo "2563"]
[PlyCount "65"]
[EventDate "2017.02.21"]
[EventType "swiss"]
[EventRounds "9"]
[EventCountry "RUS"]
[SourceTitle "CBM 177"]
[Source "ChessBase"]
[SourceDate "2017.03.16"]
[SourceVersion "1"]
[SourceVersionDate "2017.03.16"]
[SourceQuality "1"]

1. d4 Nf6 2. Nf3 d5 3. c4 e6 4. g3 Be7 5. Bg2 O-O 6. Qc2 c5 7. O-O cxd4 8. Nxd4
Qb6 9. Rd1 Nc6 10. Nxc6 Qxc6 11. b3 b5 12. Ba3 Bxa3 13. Nxa3 bxc4 14. bxc4 Bb7
15. Rab1 Rab8 16. Qb2 Qc7 17. Nb5 Qc5 18. Nd4 Qc7 19. Qa3 Qxc4 20. Qxa7 Qa6 21.
Qb6 Qxa2 22. e3 Qa6 23. Qb4 Nd7 24. Bf1 Qa7 25. Qd6 Bc8 26. Nc6 Rxb1 27. Rxb1
Qa4 28. Ne7+ Kh8 29. Rc1 Qa8 30. Rc7 Qb8 31. Nc6 Qb6 32. Rxd7 Rg8 33. Ne5 1-0

[Event "Moscow Aeroflot op-A 16th"]
[Site "Moscow"]
[Date "2017.02.23"]
[Round "3"]
[White "Antipov, Mikhail Al"]
[Black "Kamsky, Gata"]
[Result "1/2-1/2"]
[WhiteElo "2582"]
[BlackElo "2669"]
[PlyCount "46"]
[EventDate "2017.02.21"]
[EventType "swiss"]
[EventRounds "9"]
[EventCountry "RUS"]
[SourceTitle "CBM 177"]
[Source "ChessBase"]
[SourceDate "2017.03.16"]
[SourceVersion "1"]
[SourceVersionDate "2017.03.16"]
[SourceQuality "1"]

1. e4 e5 2. Nf3 Nc6 3. g3 g6 4. d4 exd4 5. Nxd4 Bg7 6. Be3 Nf6 7. Bg2 O-O 8.
O-O d6 9. Nxc6 bxc6 10. Bd4 Re8 11. Re1 Rb8 12. c4 c5 13. Bc3 Ng4 14. b3 Ne5
15. f4 Nc6 16. Bxg7 Kxg7 17. Nc3 Nd4 18. Qd2 f6 19. Rab1 Be6 20. Qf2 a5 21. h3
h5 22. Rbd1 Bf7 23. Rd2 Qe7 1/2-1/2

[Event "Moscow Aeroflot op-A 16th"]
[Site "Moscow"]
[Date "2017.02.24"]
[Round "4"]
[White "Kamsky, Gata"]
[Black "Kulaots, Kaido"]
[Result "1-0"]
[WhiteElo "2669"]
[BlackElo "2590"]
[PlyCount "67"]
[EventDate "2017.02.21"]
[EventType "swiss"]
[EventRounds "9"]
[EventCountry "RUS"]
[SourceTitle "CBM 177"]
[Source "ChessBase"]
[SourceDate "2017.03.16"]
[SourceVersion "1"]
[SourceVersionDate "2017.03.16"]
[SourceQuality "1"]

1. d4 Nf6 2. Nf3 g6 3. Bf4 Bg7 4. c3 d6 5. h3 O-O 6. Nbd2 Nc6 7. e4 Qe8 8. Bc4
e5 9. dxe5 Nxe5 10. Nxe5 dxe5 11. Be3 Qe7 12. O-O Rd8 13. Qc2 Nh5 14. Nf3 Be6
15. Qb3 Bxc4 16. Qxc4 Rd7 17. a4 Nf4 18. Bxf4 exf4 19. e5 Qe6 20. Qxf4 Qb3 21.
Rab1 Re8 22. Rfe1 c5 23. Re2 Rd1+ 24. Rxd1 Qxd1+ 25. Re1 Qb3 26. Ng5 Rf8 27. e6
fxe6 28. Qh4 h6 29. Nxe6 Rf7 30. Qd8+ Bf8 31. Nxf8 Rxf8 32. Qd6 Qc2 33. Qd5+
Rf7 34. Re8+ 1-0

[Event "Moscow Aeroflot op-A 16th"]
[Site "Moscow"]
[Date "2017.02.25"]
[Round "5"]
[White "Iturrizaga Bonelli, Eduardo"]
[Black "Kamsky, Gata"]
[Result "1/2-1/2"]
[WhiteElo "2652"]
[BlackElo "2669"]
[PlyCount "27"]
[EventDate "2017.02.21"]
[EventType "swiss"]
[EventRounds "9"]
[EventCountry "RUS"]
[SourceTitle "CBM 177"]
[Source "ChessBase"]
[SourceDate "2017.03.16"]
[SourceVersion "1"]
[SourceVersionDate "2017.03.16"]
[SourceQuality "1"]

1. Nf3 Nf6 2. c4 c6 3. Nc3 d5 4. e3 g6 5. d4 Bg7 6. Be2 O-O 7. O-O a6 8. a4 a5
9. cxd5 cxd5 10. b3 Bg4 11. Ba3 Bxf3 12. Bxf3 Nc6 13. Rc1 Re8 14. Be2 1/2-1/2

[Event "Moscow Aeroflot op-A 16th"]
[Site "Moscow"]
[Date "2017.02.27"]
[Round "7"]
[White "Sunilduth Lyna, Narayanan"]
[Black "Kamsky, Gata"]
[Result "1/2-1/2"]
[WhiteElo "2524"]
[BlackElo "2669"]
[PlyCount "106"]
[EventDate "2017.02.21"]
[EventType "swiss"]
[EventRounds "9"]
[EventCountry "RUS"]
[SourceTitle "CBM 177"]
[Source "ChessBase"]
[SourceDate "2017.03.16"]
[SourceVersion "1"]
[SourceVersionDate "2017.03.16"]
[SourceQuality "1"]

1. d4 Nf6 2. c4 e6 3. Nf3 b6 4. g3 a5 5. Bg2 Bb4+ 6. Bd2 Ba6 7. Ne5 Ra7 8. O-O
O-O 9. Bxb4 axb4 10. Nd2 d6 11. Nd3 c5 12. a3 bxa3 13. Rxa3 Rd7 14. b4 cxd4 15.
Qa1 Bb7 16. Qxd4 Bxg2 17. Kxg2 Nc6 18. Qb2 h5 19. Rfa1 Qb8 20. Kg1 Rc8 21. R1a2
Rdd8 22. c5 dxc5 23. bxc5 bxc5 24. Qxb8 Nxb8 25. Rc3 Nbd7 26. Rc1 Rc6 27. Rac2
Rdc8 28. Nb3 Ne4 29. Nd4 R6c7 30. Nb5 Rb7 31. Na3 Ra7 32. Nc4 Nef6 33. Nd2 Rac7
34. Nc4 Kf8 35. Nd6 Rd8 36. Nb5 Rb7 37. Nd6 Rbb8 38. Nc4 Rdc8 39. f3 Ke7 40.
Kf2 Rc7 41. e4 g5 42. Ne3 Rb5 43. h4 gxh4 44. gxh4 Ra7 45. Ke2 Rc7 46. Kf2 Nh7
47. Nc4 Nhf8 48. Nf4 Rb3 49. Nd2 Rb8 50. Nc4 Rb3 51. Nd2 Ra3 52. Nc4 Ra4 53.
Nxh5 Ng6 1/2-1/2